Indian English short story : A representive anthology (Record no. 41730)

MARC details
000 -LEADER
fixed length control field 00382nam a2200145Ia 4500
008 - FIXED-LENGTH DATA ELEMENTS--GENERAL INFORMATION
fixed length control field 230917s9999||||xx |||||||||||||| ||und||
040 ## - CATALOGING SOURCE
-- 54503
Original cataloging agency VIVEKANANDA LIBRARY
041 ## - Language
-- English
082 ## - DDC NUMBER
Classification number 823.08 N143I
100 ## - MAIN ENTRY--PERSONAL NAME
Personal name Naik, M K
245 #0 - TITLE STATEMENT
Title Indian English short story : A representive anthology
260 ## - PUBLICATION, DISTRIBUTION, ETC. (IMPRINT)
Place of publication, distribution, etc New Delhi
Name of publisher, distributor, etc Arnold-Heinemann
Date of publication, distribution, etc 1984
300 ## - PHYSICAL DESCRIPTION
Pages iii, 280 p.
942 ## - ADDED ENTRY ELEMENTS (KOHA)
Koha item type Books
Holdings
Withdrawn status Lost status Damaged status Not for loan Location (home branch) Sublocation or collection (holding branch) Date acquired Koha issues (times borrowed) Koha full call number Accession No. Koha date last seen Koha item type
        VIVEKANANDA LIBRARY VIVEKANANDA LIBRARY 18/12/2002   823.08 N143I 107857 17/09/2023 Books
© Designed and Maintained by Vivekananda Library, MDU Rohtak